000 00808nam a2200253ui 4500
001 020050203
003 Uk
005 20260225122616.0
008 201201s2020 enk|||| | |||| ||eng d
020 _a9781913622381 (paperback)
040 _aStEdALDL
_beng
_cNUST
_erda
_dNUST
050 _aLB1044.87 OST
100 _aCourtney Ostaff
_eauthor
245 0 4 _aThe teaching online handbook /
_cCourtney Ostaff.
260 _aWoodbridge ;
_bJohn Catt Publishers ,
_c©2020.
300 _a329 pages. ;
_billustrations ,
_c22 cm
336 _atext
_2rdacontent
_btxt
337 _aunmediated
_2rdamedia
_bn
338 _avolume
_2rdacarrier
_bnc
504 _aIncludes Bibliographical References.
650 _aTeaching online.
700 _a[ ]
942 _2lcc
_n0
_cBOOKS
_hLB1044.87 OST
_kLB
_mOST
999 _c172703
_d172703